[Event "CZE-chT2C 2223"]
[Site "Czech Republic"]
[Date "2022.11.20"]
[Round "3.2"]
[White "Haba, Zdenek"]
[Black "Forman, Stepan"]
[Result "1/2-1/2"]
[WhiteElo "2171"]
[BlackElo "2231"]
[PlyCount "73"]
[EventDate "2022.10.16"]
[EventType "team-tourn"]
[EventRounds "11"]
[EventCountry "CZE"]
[SourceTitle "EXT 2024"]
[Source "ChessBase"]
[SourceDate "2023.10.10"]
[SourceVersion "1"]
[SourceVersionDate "2023.10.10"]
[SourceQuality "1"]
[WhiteTeam "Kolin"]
[BlackTeam "Kutna Hora"]
[WhiteTeamCountry "CZE"]
[BlackTeamCountry "CZE"]

1. d4 f5 2. Nc3 Nf6 3. Bg5 d5 4. f3 Nc6 5. e4 dxe4 6. d5 Ne5 7. fxe4 fxe4 8. Bb5+ Bd7 9. Qd4 Nf7 10. Bf4 g6 11. Nge2 Bg7 12. Bxd7+ Qxd7 13. Nxe4 0-0 14. Nxf6+ Bxf6 15. Qd2 e5 16. Be3 Nd6 17. 0-0-0 Nc4 18. Qc3 Qg4 19. Bc5 Bg5+ 20. Kb1 Qxe2 21. Bxf8 Rxf8 22. Rhe1 Qg4 23. h3 Qf4 24. g3 Nd2+ 25. Ka1 Qd4 26. Qxc7 Qxd5 27. Qxe5 Qxe5 28. Rxe5 Bf6 29. Rc5 Rd8 30. Re1 Rd7 31. a3 Kg7 32. Ka2 Nf3 33. Re8 Ng5 34. h4 Nf7 35. Rec8 Be5 36. g4 h6 37. h5 1/2-1/2

[Event "CZE-chT2C 2223"]
[Site "Czech Republic"]
[Date "2022.10.16"]
[Round "1.1"]
[White "Forman, Stepan"]
[Black "Smolik, Jachym"]
[Result "0-1"]
[WhiteElo "2231"]
[BlackElo "2213"]
[PlyCount "68"]
[EventDate "2022.10.16"]
[EventType "team-tourn"]
[EventRounds "11"]
[EventCountry "CZE"]
[SourceTitle "EXT 2024"]
[Source "ChessBase"]
[SourceDate "2023.10.10"]
[SourceVersion "1"]
[SourceVersionDate "2023.10.10"]
[SourceQuality "1"]
[WhiteTeam "Kutna Hora"]
[BlackTeam "Praha DDM"]
[WhiteTeamCountry "CZE"]
[BlackTeamCountry "CZE"]

1. d4 Nf6 2. Nf3 e6 3. c4 Bb4+ 4. Bd2 Qe7 5. e3 0-0 6. Bd3 Bxd2+ 7. Qxd2 d6 8. Nc3 e5 9. Bc2 Re8 10. h3 c6 11. g4 Na6 12. 0-0-0 Nc7 13. dxe5 dxe5 14. g5 Nd7 15. Ne4 Nc5 16. Qc3 Nxe4 17. Bxe4 Qc5 18. b4 Qe7 19. Qb2 a5 20. b5 cxb5 21. cxb5 a4 22. b6 Qc5+ 23. Kb1 a3 24. Qc2 Qxb6+ 25. Ka1 Qb2+ 26. Qxb2 axb2+ 27. Kxb2 Be6 28. a3 Ra5 29. Rd3 Na6 30. Rhd1 Rb5+ 31. Kc2 Kf8 32. Rc3 Nc5 33. Bd5 Na4 34. Bc4 Nxc3 0-1

[Event "CZE-chT1W 1920"]
[Site "Czech Republic"]
[Date "2020.06.14"]
[Round "11.7"]
[White "Forman, Stepan"]
[Black "Borkovec, Milan"]
[Result "1/2-1/2"]
[WhiteElo "2235"]
[BlackElo "2199"]
[PlyCount "24"]
[EventDate "2019.10.20"]
[EventType "team-tourn"]
[EventRounds "11"]
[EventCountry "CZE"]
[SourceTitle "EXT 2021"]
[Source "ChessBase"]
[SourceDate "2020.10.23"]
[SourceVersion "1"]
[SourceVersionDate "2020.10.23"]
[SourceQuality "1"]
[WhiteTeam "Neratovice"]
[BlackTeam "Ceske Budejovice"]
[WhiteTeamCountry "CZE"]
[BlackTeamCountry "CZE"]

1. d4 Nf6 2. Bg5 d5 3. Bxf6 exf6 4. e3 Bd6 5. g3 0-0 6. Bg2 c6 7. Nd2 Na6 8. Ne2 Be6 9. 0-0 Qd7 10. Nf4 Bg4 11. Bf3 Bxf3 12. Qxf3 Nc7 1/2-1/2

[Event "CZE-chT2C 1920"]
[Site "Czech Republic"]
[Date "2020.02.23"]
[Round "9.2"]
[White "Forman, Stepan"]
[Black "Mudra, Pavel"]
[Result "1/2-1/2"]
[WhiteElo "2235"]
[BlackElo "2300"]
[PlyCount "63"]
[EventDate "2019.10.13"]
[EventType "team-tourn"]
[EventRounds "11"]
[EventCountry "CZE"]
[SourceTitle "EXT 2024"]
[Source "ChessBase"]
[SourceDate "2023.10.10"]
[SourceVersion "1"]
[SourceVersionDate "2023.10.10"]
[SourceQuality "1"]
[WhiteTeam "Neratovice II"]
[BlackTeam "Bakov nad Jizerou"]
[WhiteTeamCountry "CZE"]
[BlackTeamCountry "CZE"]

1. d4 Nf6 2. Bg5 d5 3. Bxf6 exf6 4. e3 Bd6 5. g3 h5 6. Bg2 h4 7. Nd2 c6 8. c3 Be6 9. e4 Nd7 10. exd5 cxd5 11. Qb3 Nb6 12. Ne2 Qc7 13. a4 a5 14. 0-0 Kf8 15. f4 g6 16. f5 gxf5 17. Nf4 hxg3 18. hxg3 Rg8 19. Rf3 Rxg3 20. Rxg3 Bxf4 21. Rd3 Bxd2 22. Rxd2 Nc4 23. Rf2 f4 24. Qd1 Ne3 25. Qf3 Ke7 26. Qxf4 Qxf4 27. Rxf4 Rg8 28. Rf2 f5 29. Kh1 Rh8+ 30. Kg1 Rg8 31. Kh1 Rh8+ 32. Kg1 1/2-1/2

[Event "CZE-chT2C 1920"]
[Site "Czech Republic"]
[Date "2020.01.12"]
[Round "6.2"]
[White "Vitak, Jiri"]
[Black "Forman, Stepan"]
[Result "1/2-1/2"]
[WhiteElo "2220"]
[BlackElo "2235"]
[PlyCount "71"]
[EventDate "2019.10.13"]
[EventType "team-tourn"]
[EventRounds "11"]
[EventCountry "CZE"]
[SourceTitle "EXT 2024"]
[Source "ChessBase"]
[SourceDate "2023.10.10"]
[SourceVersion "1"]
[SourceVersionDate "2023.10.10"]
[SourceQuality "1"]
[WhiteTeam "Liberec Desko"]
[BlackTeam "Neratovice II"]
[WhiteTeamCountry "CZE"]
[BlackTeamCountry "CZE"]

1. d4 f5 2. Nc3 Nf6 3. Bg5 d5 4. f3 Nbd7 5. Nh3 Nb6 6. Nf4 g6 7. h4 Bg7 8. h5 Nxh5 9. Nxh5 gxh5 10. e3 Be6 11. Bd3 Qd7 12. Rxh5 Bf7 13. Rh3 0-0-0 14. Qd2 h6 15. Bf4 Nc4 16. Bxc4 dxc4 17. 0-0-0 c5 18. Qe1 Qe6 19. Qg3 Rhg8 20. Bb8 Qxe3+ 21. Kb1 e5 22. Bxe5 Bxe5 23. Qxe5 Qxe5 24. dxe5 Rxd1+ 25. Nxd1 Rxg2 26. Rxh6 Bd5 27. Rh3 f4 28. Kc1 Rg3 29. Rh4 Rxf3 30. Kd2 Kd7 31. Ke2 Be4 32. Nc3 Bc6 33. Nd1 Be4 34. Nc3 Bc6 35. Nd1 Be4 36. Nc3 1/2-1/2

[Event "CZE-chT1W 1920"]
[Site "Czech Republic"]
[Date "2019.11.24"]
[Round "3.5"]
[White "Bartos, Jan"]
[Black "Forman, Stepan"]
[Result "0-1"]
[WhiteElo "2138"]
[BlackElo "2235"]
[PlyCount "80"]
[EventDate "2019.10.20"]
[EventType "team-tourn"]
[EventRounds "11"]
[EventCountry "CZE"]
[SourceTitle "CBM 193 Extra"]
[Source "ChessBase"]
[SourceDate "2020.01.31"]
[SourceVersion "1"]
[SourceVersionDate "2020.01.31"]
[SourceQuality "1"]
[WhiteTeam "Unichess"]
[BlackTeam "Neratovice"]
[WhiteTeamCountry "CZE"]
[BlackTeamCountry "CZE"]

1. d4 f5 2. g3 Nf6 3. Bg2 g6 4. Nd2 Bg7 5. e4 fxe4 6. Nxe4 Nxe4 7. Bxe4 e6 8. Ne2 d6 9. 0-0 0-0 10. c3 Nd7 11. Nf4 Qf6 12. Qb3 Nb6 13. Be3 d5 14. Bg2 Bd7 15. a4 Bc6 16. Bh3 Rae8 17. Nd3 Nc4 18. Bf4 g5 19. Bxc7 Nd2 20. Qc2 Nxf1 21. Rxf1 Qg6 22. Bd6 Rf3 23. Rd1 e5 24. dxe5 Bxe5 25. Bxe5 Rxe5 26. Qd2 Re7 27. Bg2 Rff7 28. b3 Qh5 29. Re1 Rxe1+ 30. Qxe1 a5 31. f4 gxf4 32. Nxf4 Qg5 33. Qe6 Qf5 34. Bxd5 Bxd5 35. Qxd5 Qxd5 36. Nxd5 Rf3 37. b4 Rd3 38. Nf6+ Kg7 39. Ne4 axb4 40. cxb4 Rd4 0-1

[Event "CZE-chT1W 1819"]
[Site "Czech Republic"]
[Date "2019.04.07"]
[Round "11.6"]
[White "Forman, Stepan"]
[Black "Rodshtein, Tereza"]
[Result "0-1"]
[WhiteElo "2274"]
[BlackElo "2243"]
[PlyCount "98"]
[EventDate "2018.10.21"]
[EventType "team-tourn"]
[EventRounds "11"]
[EventCountry "CZE"]
[SourceTitle "CBM 189 Extra"]
[Source "ChessBase"]
[SourceDate "2019.06.03"]
[SourceVersion "1"]
[SourceVersionDate "2019.06.03"]
[SourceQuality "1"]
[WhiteTeam "Neratovice"]
[BlackTeam "Turnov Zikuda II"]
[WhiteTeamCountry "CZE"]
[BlackTeamCountry "CZE"]

1. d4 d5 2. Nf3 Nf6 3. c4 c6 4. e3 Bf5 5. Qb3 Qb6 6. Nc3 e6 7. c5 Qc7 8. Nh4 Bg6 9. f4 b6 10. Nxg6 hxg6 11. cxb6 axb6 12. Be2 Be7 13. Bd2 0-0 14. 0-0 c5 15. Rac1 Nc6 16. Bf3 Qd7 17. Na4 Nxd4 18. exd4 Qxa4 19. Qxb6 Rfb8 20. Qc7 Qxd4+ 21. Rf2 Rxb2 22. Qxe7 Rxd2 23. Qxc5 Qxc5 24. Rxc5 Raxa2 25. Rc8+ Kh7 26. Rxd2 Rxd2 27. Rc7 Nh5 28. g3 f5 29. Re7 Nf6 30. Rxe6 d4 31. h3 d3 32. g4 Rc2 33. Rd6 d2 34. Kf1 Rc4 35. Rxd2 Rxf4 36. Kg2 Rc4 37. g5 Nh5 38. Ra2 Nf4+ 39. Kg3 Nh5+ 40. Kg2 Rc3 41. Kf2 Nf4 42. Kg3 Ne6 43. Kg2 Nxg5 44. Bd5 Nxh3 45. Ra4 g5 46. Ba2 Kh6 47. Bb1 g6 48. Ra6 Kh5 49. Kh2 g4 0-1

[Event "CZE-chT1W 1819"]
[Site "Czech Republic"]
[Date "2019.03.24"]
[Round "10.7"]
[White "Forman, Stepan"]
[Black "Sedlacek, Tomas"]
[Result "1/2-1/2"]
[WhiteElo "2274"]
[BlackElo "2006"]
[PlyCount "57"]
[EventDate "2018.10.21"]
[EventType "team-tourn"]
[EventRounds "11"]
[EventCountry "CZE"]
[SourceTitle "CBM 189 Extra"]
[Source "ChessBase"]
[SourceDate "2019.06.03"]
[SourceVersion "1"]
[SourceVersionDate "2019.06.03"]
[SourceQuality "1"]
[WhiteTeam "Neratovice"]
[BlackTeam "Praha Dukla"]
[WhiteTeamCountry "CZE"]
[BlackTeamCountry "CZE"]

1. f4 d5 2. Nf3 Nf6 3. b3 c6 4. Bb2 Qb6 5. e3 Bg4 6. Be2 Nbd7 7. Ne5 Bxe2 8. Qxe2 e6 9. 0-0 Qc7 10. d3 Be7 11. Nd2 Nxe5 12. Bxe5 Bd6 13. d4 Qe7 14. Bxd6 Qxd6 15. Rad1 0-0 16. e4 Nxe4 17. Nxe4 dxe4 18. Qxe4 a5 19. c4 a4 20. Rd3 axb3 21. axb3 Rfd8 22. Rfd1 Ra5 23. g3 g6 24. Qe1 Ra2 25. Qe5 Qxe5 26. dxe5 Rxd3 27. Rxd3 Rb2 28. h4 h5 29. Kf1 1/2-1/2

[Event "CZE-chT1W 1819"]
[Site "Czech Republic"]
[Date "2019.03.03"]
[Round "9.7"]
[White "Hrdina, Robin"]
[Black "Forman, Stepan"]
[Result "1-0"]
[WhiteElo "2246"]
[BlackElo "2274"]
[PlyCount "53"]
[EventDate "2018.10.21"]
[EventType "team-tourn"]
[EventRounds "11"]
[EventCountry "CZE"]
[SourceTitle "CBM 189 Extra"]
[Source "ChessBase"]
[SourceDate "2019.06.03"]
[SourceVersion "1"]
[SourceVersionDate "2019.06.03"]
[SourceQuality "1"]
[WhiteTeam "Polabiny"]
[BlackTeam "Neratovice"]
[WhiteTeamCountry "CZE"]
[BlackTeamCountry "CZE"]

1. e4 c5 2. Nf3 e6 3. d4 cxd4 4. Nxd4 Nc6 5. Nc3 a6 6. Nxc6 dxc6 7. Qxd8+ Kxd8 8. Be3 Kc7 9. 0-0-0 b6 10. Bf4+ Kb7 11. e5 Ne7 12. Ne4 Ng6 13. Bg3 Be7 14. Be2 Kc7 15. h4 Nf8 16. Rd3 Bd7 17. Rhd1 a5 18. Rf3 Be8 19. Nf6 gxf6 20. exf6+ Kb7 21. fxe7 Ng6 22. Rfd3 h5 23. Rd7+ Bxd7 24. Rxd7+ Kc8 25. Rc7+ Kb8 26. e8Q+ Rxe8 27. Re7+ 1-0

[Event "CZE-chT1W 1819"]
[Site "Czech Republic"]
[Date "2019.02.03"]
[Round "7.7"]
[White "Rous, Daniel"]
[Black "Forman, Stepan"]
[Result "1-0"]
[WhiteElo "2201"]
[BlackElo "2274"]
[PlyCount "71"]
[EventDate "2018.10.21"]
[EventType "team-tourn"]
[EventRounds "11"]
[EventCountry "CZE"]
[SourceTitle "CBM 188 Extra"]
[Source "ChessBase"]
[SourceDate "2019.02.26"]
[SourceVersion "1"]
[SourceVersionDate "2019.02.26"]
[SourceQuality "1"]
[WhiteTeam "Praha DP Tarok"]
[BlackTeam "Neratovice"]
[WhiteTeamCountry "CZE"]
[BlackTeamCountry "CZE"]

1. d4 f5 2. Bf4 d6 3. e3 g6 4. h4 Bg7 5. Bc4 h6 6. Nf3 e6 7. Nc3 Nc6 8. a3 Bd7 9. Bh2 Nf6 10. Ba2 Qe7 11. Qe2 Ne4 12. Qd3 Nxc3 13. Qxc3 e5 14. 0-0-0 0-0-0 15. dxe5 dxe5 16. Bd5 Rhe8 17. Rd2 f4 18. Be4 Qf7 19. Kb1 Bf6 20. Rhd1 g5 21. Bxc6 Bxc6 22. Rxd8+ Bxd8 23. Nxe5 Qh5 24. Qd3 Bb5 25. Qf5+ Kb8 26. Rd4 c5 27. Rd2 Bc7 28. exf4 Qxh4 29. Bg3 Qh1+ 30. Ka2 Qe1 31. Rd5 b6 32. fxg5 hxg5 33. Nd7+ Kb7 34. b3 Qc1 35. Nxc5+ Kc6 36. Qd7# 1-0

[Event "CZE-chT2C 1819"]
[Site "Czech Republic"]
[Date "2018.11.18"]
[Round "3.3"]
[White "Kucera, Petr3333"]
[Black "Forman, Stepan"]
[Result "1/2-1/2"]
[WhiteElo "2169"]
[BlackElo "2276"]
[PlyCount "37"]
[EventDate "2018.10.14"]
[EventType "team-tourn"]
[EventRounds "11"]
[EventCountry "CZE"]
[SourceTitle "EXT 2022"]
[Source "ChessBase"]
[SourceDate "2021.10.06"]
[SourceVersion "1"]
[SourceVersionDate "2021.10.06"]
[SourceQuality "1"]
[WhiteTeam "Liberec Desko"]
[BlackTeam "Neratovice II"]
[WhiteTeamCountry "CZE"]
[BlackTeamCountry "CZE"]

1. d4 f5 2. Bg5 h6 3. Bh4 g5 4. e4 Nf6 5. e5 e6 6. Bg3 f4 7. Bd3 d6 8. exf6 Qxf6 9. Qh5+ Kd8 10. Ne2 fxg3 11. fxg3 Bd7 12. Rf1 Qg7 13. Nd2 Nc6 14. c3 Be8 15. Qf3 Be7 16. 0-0-0 Bg6 17. g4 Rf8 18. Qe3 Kd7 19. Ng3 1/2-1/2

[Event "CZE-chT1W 1819"]
[Site "Czech Republic"]
[Date "2018.11.11"]
[Round "2.6"]
[White "Cesal, Jaroslav"]
[Black "Forman, Stepan"]
[Result "0-1"]
[WhiteElo "2177"]
[BlackElo "2274"]
[PlyCount "102"]
[EventDate "2018.10.21"]
[EventType "team-tourn"]
[EventRounds "11"]
[EventCountry "CZE"]
[SourceTitle "CBM 187 Extra"]
[Source "ChessBase"]
[SourceDate "2018.11.04"]
[SourceVersion "1"]
[SourceVersionDate "2018.11.04"]
[SourceQuality "1"]
[WhiteTeam "Kozolupy"]
[BlackTeam "Neratovice"]
[WhiteTeamCountry "CZE"]
[BlackTeamCountry "CZE"]

1. d4 f5 2. Nf3 Nf6 3. Bg5 Ne4 4. Bf4 c6 5. c3 d6 6. Nbd2 Qb6 7. Qc2 g6 8. Nxe4 fxe4 9. Nd2 Bf5 10. Nc4 Qc7 11. Ne3 Qd7 12. h4 Bg7 13. Rg1 h5 14. g3 Qe6 15. Bg2 Nd7 16. Qb3 Qxb3 17. axb3 d5 18. 0-0-0 Nf6 19. Nxf5 gxf5 20. Be5 Kf7 21. f3 Rhg8 22. Bh3 e6 23. Rdf1 Bh6+ 24. Bf4 Bxf4+ 25. gxf4 exf3 26. exf3 Rxg1 27. Rxg1 Rg8 28. Rg5 Nh7 29. Rxh5 Kg6 30. Bg4 Rf8 31. Kd2 fxg4 32. fxg4 Rxf4 33. Re5 Kf7 34. Rh5 Nf6 35. Rh8 Rxg4 36. Rb8 b6 37. Rb7+ Ke8 38. Rxa7 Kd8 39. Ra8+ Kd7 40. Rh8 Rg2+ 41. Kc1 Rh2 42. Kb1 Ne4 43. h5 Nf6 44. h6 b5 45. Ka2 Ng4 46. h7 Nf6 47. Rf8 Nxh7 48. Rh8 Rh3 49. Rg8 Nf6 50. Rg2 Ne4 51. Rc2 b4 0-1

[Event "CZE-chT1W 1819"]
[Site "Czech Republic"]
[Date "2018.10.21"]
[Round "1.7"]
[White "Forman, Stepan"]
[Black "Novotny, Michal"]
[Result "1/2-1/2"]
[WhiteElo "2274"]
[BlackElo "2328"]
[PlyCount "79"]
[EventDate "2018.10.21"]
[EventType "team-tourn"]
[EventRounds "11"]
[EventCountry "CZE"]
[SourceTitle "CBM 187 Extra"]
[Source "ChessBase"]
[SourceDate "2018.11.04"]
[SourceVersion "1"]
[SourceVersionDate "2018.11.04"]
[SourceQuality "1"]
[WhiteTeam "Neratovice"]
[BlackTeam "Ceske Budejovice"]
[WhiteTeamCountry "CZE"]
[BlackTeamCountry "CZE"]

1. d4 e6 2. Nf3 d5 3. c4 Nf6 4. e3 Nc6 5. Nc3 Bb4 6. Qc2 0-0 7. Bd3 a6 8. a3 dxc4 9. Bxc4 Bd6 10. b4 e5 11. d5 Ne7 12. Bb2 Ng6 13. Be2 b5 14. h4 Re8 15. h5 Nf8 16. Nd2 h6 17. Nde4 N8h7 18. Nxd6 cxd6 19. a4 bxa4 20. Rxa4 Qb6 21. b5 Rb8 22. Ba3 axb5 23. Bxb5 Rf8 24. Bc6 Qd8 25. Nb5 Rxb5 26. Bxb5 Nxd5 27. Ra8 Nc7 28. Rb8 Nxb5 29. Rxb5 Ba6 30. Rd5 Qb6 31. Qb2 Qc6 32. e4 Bc4 33. Rxd6 Qxe4+ 34. Kd1 Qxg2 35. Re1 Rc8 36. Re3 Qf1+ 37. Re1 Qg2 38. Re3 Qf1+ 39. Re1 Qg2 40. Re3 1/2-1/2

[Event "CZE-chT1W 1718"]
[Site "Czech Republic"]
[Date "2018.02.04"]
[Round "7.3"]
[White "Forman, Stepan"]
[Black "Richtrova, Eliska"]
[Result "1-0"]
[WhiteElo "2264"]
[BlackElo "2217"]
[PlyCount "90"]
[EventDate "2017.10.29"]
[EventType "team-tourn"]
[EventRounds "11"]
[EventCountry "CZE"]
[SourceTitle "EXT 2019"]
[Source "ChessBase"]
[SourceDate "2018.10.10"]
[SourceVersion "1"]
[SourceVersionDate "2018.10.10"]
[SourceQuality "1"]
[WhiteTeam "Neratovice"]
[BlackTeam "Ceske Budejovice"]
[WhiteTeamCountry "CZE"]
[BlackTeamCountry "CZE"]

1. d4 Nf6 2. Bg5 Ne4 3. Bf4 c5 4. d5 Qb6 5. Bc1 f5 6. f3 Nf6 7. c4 e5 8. Nc3 d6 9. e4 f4 10. g3 g5 11. h4 Nh5 12. Nge2 Qd8 13. hxg5 Qxg5 14. gxf4 exf4 15. Qc2 Be7 16. Bd2 Nd7 17. 0-0-0 Ne5 18. Rg1 Qh4 19. Bg2 Rf8 20. Rh1 Qg5 21. Rdg1 Ng3 22. Rxh7 Bd7 23. Nxg3 Qxg3 24. Rhh1 Qf2 25. b3 0-0-0 26. Nd1 Qe2 27. Bc3 Qxc2+ 28. Kxc2 Rg8 29. Bxe5 dxe5 30. Nf2 Rg3 31. Ng4 Bxg4 32. fxg4 Rf8 33. Bf1 Bg5 34. Rg2 Rxg2+ 35. Bxg2 f3 36. Bf1 Be3 37. Kd3 Bd4 38. g5 Rg8 39. Rh3 f2 40. Rg3 Kd7 41. g6 Rg7 42. Ke2 Ke7 43. Bh3 Kf6 44. d6 Rg8 45. d7 Bc3 1-0

[Event "CZE-chT2B 1718"]
[Site "Czech Republic"]
[Date "2017.11.19"]
[Round "3.2"]
[White "Forman, Stepan"]
[Black "Urban, Zdenek"]
[Result "1/2-1/2"]
[WhiteElo "2264"]
[BlackElo "2180"]
[PlyCount "27"]
[EventDate "2017.10.15"]
[EventType "team-tourn"]
[EventRounds "11"]
[EventCountry "CZE"]
[SourceTitle "EXT 2022"]
[Source "ChessBase"]
[SourceDate "2021.10.06"]
[SourceVersion "1"]
[SourceVersionDate "2021.10.06"]
[SourceQuality "1"]
[WhiteTeam "Neratovice III"]
[BlackTeam "Jicin"]
[WhiteTeamCountry "CZE"]
[BlackTeamCountry "CZE"]

1. d4 Nf6 2. Nf3 d5 3. c4 e6 4. e3 Be7 5. Bd3 c5 6. cxd5 Nxd5 7. dxc5 0-0 8. a3 Qa5+ 9. Bd2 Qxc5 10. e4 Nb6 11. Be3 Qh5 12. Nbd2 Rd8 13. Be2 Qa5 14. 0-0 1/2-1/2

[Event "CZE-chT2B 1516"]
[Site "Czech Republic"]
[Date "2016.04.17"]
[Round "11.4"]
[White "Chaloupka, Vladimir"]
[Black "Forman, Stepan"]
[Result "1/2-1/2"]
[WhiteElo "2085"]
[BlackElo "2292"]
[PlyCount "45"]
[EventDate "2015.10.18"]
[EventType "team-tourn"]
[EventRounds "11"]
[EventCountry "CZE"]
[SourceTitle "EXT 2022"]
[Source "ChessBase"]
[SourceDate "2021.10.06"]
[SourceVersion "1"]
[SourceVersionDate "2021.10.06"]
[SourceQuality "1"]
[WhiteTeam "Litomerice"]
[BlackTeam "Jicin II"]
[WhiteTeamCountry "CZE"]
[BlackTeamCountry "CZE"]

1. d4 f5 2. g3 Nf6 3. Bg2 g6 4. Nf3 Bg7 5. c4 d6 6. 0-0 0-0 7. Nc3 c6 8. d5 e5 9. dxe6 Bxe6 10. b3 Ne4 11. Nxe4 Bxa1 12. Qxd6 Qxd6 13. Nxd6 Bc8 14. Bg5 Bf6 15. Bxf6 Rxf6 16. Nxc8 Na6 17. Ne7+ Kf8 18. Nxc6 bxc6 19. Ne5 Rd8 20. Bxc6 Re6 21. f4 Nb4 22. Bf3 Nxa2 23. c5 1/2-1/2

[Event "CZE-chT2B 1516"]
[Site "Czech Republic"]
[Date "2016.04.03"]
[Round "10.5"]
[White "Babicka, Michal"]
[Black "Forman, Stepan"]
[Result "0-1"]
[WhiteElo "1978"]
[BlackElo "2292"]
[PlyCount "106"]
[EventDate "2015.10.18"]
[EventType "team-tourn"]
[EventRounds "11"]
[EventCountry "CZE"]
[SourceTitle "EXT 2022"]
[Source "ChessBase"]
[SourceDate "2021.10.06"]
[SourceVersion "1"]
[SourceVersionDate "2021.10.06"]
[SourceQuality "1"]
[WhiteTeam "Decin"]
[BlackTeam "Jicin II"]
[WhiteTeamCountry "CZE"]
[BlackTeamCountry "CZE"]

1. c4 f5 2. Nc3 Nf6 3. Nf3 g6 4. d4 d6 5. e3 Bg7 6. Be2 0-0 7. 0-0 Qe8 8. b3 e5 9. dxe5 dxe5 10. Bb2 e4 11. Nd4 c6 12. Qd2 Nbd7 13. Rae1 Rf7 14. Kh1 Ne5 15. h3 Bf8 16. f3 Nh5 17. Kh2 exf3 18. Nxf3 Rd7 19. Qc2 Bd6 20. Kg1 Ng3 21. Rf2 Re7 22. c5 Nxf3+ 23. Rxf3 Nxe2+ 24. Rxe2 Be5 25. e4 Bd7 26. Kf1 Rd8 27. Rd3 fxe4 28. Rde3 Rf7+ 29. Ke1 Qf8 30. Nxe4 Rf1+ 31. Kd2 Bg4+ 32. Nd6 Bxd6 33. Qc4+ Rf7 34. hxg4 Be5+ 35. Kc2 Bxb2 36. Kxb2 h6 37. Re7 Rd2+ 38. Ka3 Rxe2 39. Rxe2 Kh7 40. Rd2 b5 41. Qd4 a5 42. Re2 Qc8 43. Re4 b4+ 44. Ka4 Qb7 45. Qc4 Rf2 46. Re2 Qb5+ 47. Qxb5 cxb5+ 48. Kxa5 Rxe2 49. Kxb4 Rxa2 50. c6 Rxg2 51. Kxb5 h5 52. gxh5 gxh5 53. Kb6 h4 0-1

[Event "CZE-chT2B 1516"]
[Site "Czech Republic"]
[Date "2016.02.21"]
[Round "8.5"]
[White "Mikes, Jan"]
[Black "Forman, Stepan"]
[Result "0-1"]
[WhiteElo "2189"]
[BlackElo "2292"]
[PlyCount "92"]
[EventDate "2015.10.18"]
[EventType "team-tourn"]
[EventRounds "11"]
[EventCountry "CZE"]
[SourceTitle "EXT 2022"]
[Source "ChessBase"]
[SourceDate "2021.10.06"]
[SourceVersion "1"]
[SourceVersionDate "2021.10.06"]
[SourceQuality "1"]
[WhiteTeam "Teplice"]
[BlackTeam "Jicin II"]
[WhiteTeamCountry "CZE"]
[BlackTeamCountry "CZE"]

1. c4 f5 2. Nf3 Nf6 3. Nc3 g6 4. d4 d6 5. g3 Bg7 6. Bg2 0-0 7. 0-0 c6 8. d5 e5 9. dxe6 Bxe6 10. Qd3 Na6 11. Bf4 Ne8 12. Rad1 Nb4 13. Qe3 Bxc4 14. a3 Na6 15. Rd2 Nac7 16. Rfd1 d5 17. b3 Bxb3 18. Rb1 Bc4 19. Rxb7 Ba6 20. Rxc7 Nxc7 21. Qc5 Rc8 22. Ne5 Ne6 23. Qxa7 Nxf4 24. gxf4 Bxe5 25. fxe5 Bc4 26. Qd4 Qe7 27. e4 fxe4 28. Nxe4 Rce8 29. Nd6 Qxe5 30. Nxc4 dxc4 31. Qxc4+ Rf7 32. Rd1 Qb2 33. Rf1 Re2 34. Bf3 Rc2 35. Qe4 Kg7 36. a4 Rc5 37. Qe3 Re5 38. Qd3 Ref5 39. Be2 Qb4 40. Qc2 Rc5 41. Qd1 Qf4 42. Qa1+ Kh6 43. Qd1 Rd5 44. Qc1 Rg5+ 45. Kh1 Qe4+ 46. f3 Qxe2 0-1

[Event "CZE-chT1W 1516"]
[Site "Czech Republic"]
[Date "2016.01.31"]
[Round "7.7"]
[White "Forman, Stepan"]
[Black "Cuhra, Martin"]
[Result "1/2-1/2"]
[WhiteElo "2278"]
[BlackElo "2104"]
[PlyCount "145"]
[EventDate "2015.10.11"]
[EventType "team-tourn"]
[EventRounds "11"]
[EventCountry "CZE"]
[SourceTitle "CBM 170 Extra"]
[Source "ChessBase"]
[SourceDate "2016.02.25"]
[SourceVersion "1"]
[SourceVersionDate "2016.02.25"]
[SourceQuality "1"]
[WhiteTeam "Jicin"]
[BlackTeam "Ceske Budejovice"]
[WhiteTeamCountry "CZE"]
[BlackTeamCountry "CZE"]

1. d4 d5 2. Nf3 Nf6 3. Bf4 e6 4. e3 Bd6 5. Nbd2 0-0 6. Bd3 c5 7. Bg5 Nbd7 8. c3 e5 9. dxe5 Nxe5 10. Nxe5 Bxe5 11. f4 Bd6 12. Bxf6 Qxf6 13. Qh5 Re8 14. Qxh7+ Kf8 15. 0-0 c4 16. Bc2 Bc5 17. Kh1 g6 18. e4 Be3 19. e5 Qg7 20. Qxg7+ Kxg7 21. Rad1 Bg4 22. Nf3 Rad8 23. g3 Rh8 24. Rb1 b5 25. Nd4 Rde8 26. h4 a6 27. Kg2 f6 28. Nc6 Bd7 29. exf6+ Kxf6 30. Ne5 Bf5 31. Bxf5 gxf5 32. Kf3 Ba7 33. Rbd1 d4 34. cxd4 Rc8 35. Rfe1 Rhd8 36. d5 Rd6 37. g4 fxg4+ 38. Nxg4+ Kf7 39. Ne5+ Kf6 40. Ng4+ Kf7 41. f5 Rc5 42. f6 Bb6 43. Re7+ Kf8 44. Re6 Bc7 45. Ne3 b4 46. Rxd6 Bxd6 47. Ke4 c3 48. bxc3 bxc3 49. Nf5 c2 50. Rc1 Rc4+ 51. Nd4 Bc5 52. Rxc2 Rxd4+ 53. Ke5 Bb6 54. Rb2 Bc5 55. Rb8+ Kf7 56. Rb7+ Kf8 57. h5 Rd2 58. h6 Bd4+ 59. Kd6 Rf2 60. Rb8+ Kf7 61. Rb7+ Kxf6 62. h7 Rh2 63. Kc6 Rc2+ 64. Kd7 Kg7 65. Ke6+ Kh8 66. d6 Rxa2 67. d7 Re2+ 68. Kd5 Bf6 69. Rb6 Bg5 70. Rxa6 Kxh7 71. Ra8 Kg7 72. Kd6 Be7+ 73. Kc7 1/2-1/2

[Event "CZE-chT2B 1516"]
[Site "Czech Republic"]
[Date "2016.01.24"]
[Round "6.5"]
[White "Vacek, Radomir"]
[Black "Forman, Stepan"]
[Result "0-1"]
[WhiteElo "2025"]
[BlackElo "2292"]
[PlyCount "76"]
[EventDate "2015.10.18"]
[EventType "team-tourn"]
[EventRounds "11"]
[EventCountry "CZE"]
[SourceTitle "EXT 2022"]
[Source "ChessBase"]
[SourceDate "2021.10.06"]
[SourceVersion "1"]
[SourceVersionDate "2021.10.06"]
[SourceQuality "1"]
[WhiteTeam "Bakov nad Jizerou"]
[BlackTeam "Jicin II"]
[WhiteTeamCountry "CZE"]
[BlackTeamCountry "CZE"]

1. d4 f5 2. Bg5 h6 3. Bh4 g5 4. e3 Nf6 5. Bg3 d6 6. h4 Rg8 7. hxg5 hxg5 8. Bc4 e6 9. Nd2 Nc6 10. c3 Bd7 11. Qc2 Qe7 12. 0-0-0 0-0-0 13. f3 Bg7 14. Ne2 Kb8 15. Bd3 Rh8 16. Bf2 Rdf8 17. Rdg1 Nd5 18. Rxh8 Bxh8 19. Rh1 Bg7 20. a3 Nb6 21. Nc4 e5 22. Nxb6 axb6 23. d5 e4 24. dxc6 exd3 25. Qxd3 bxc6 26. Ng3 f4 27. Nf1 d5 28. Nd2 Bf5 29. e4 dxe4 30. fxe4 Rd8 31. Qc4 Qd7 32. Be1 Bg6 33. Qe2 Qe6 34. Bf2 Qa2 35. Re1 Re8 36. Qd3 Kb7 37. Kc2 Qe6 38. Kc1 Re7 0-1